Quizzes
Events
Quiz Creation
Community
Videos
Private Events
Remove Ads
Sign In
Join for FREE
Feedback
Dark Mode
Quiz Categories
Sports
Geography
Music
Movies
Television
Just For Fun
Miscellaneous
History
Literature
Language
Science
Gaming
Entertainment
Religion
Holiday
For Kids
Quiz Lab
Recent
Popular Today
Quiz Kudos Today
Editor Picks
Curator Picks
Quizzes by...
Day
Popularity
Type
Ratings
Length
Year
Community
Subscriptions
Recent Discussions
Orange Saloon
Badges
Playlists
Quests
Create
Leaderboards
Showdown
Live 5
Trivia Bingo
Activity
Puzzle Library
Sporcle Events
Private Events
Virtual Trivia
Globe League
Become a Host
Pub Owners
SporcleCon
Opinionation
Our Games
Videos
Blog
Mobile Apps
Partnerships
Remove Ads and Go Orange
Feedback
Literature
Harry Potter
A Song of Ice and Fire
The Hunger Games
Literary Character
Shakespeare
Book
Author
Novel
Poem
Young Adult
Children's Books
Play
Lord of the Rings
Literature
Harry Potter
A Song of Ice and Fire
The Hunger Games
Literary Character
Shakespeare
Book
Author
Novel
Poem
Young Adult
Children's Books
Play
Lord of the Rings
Random Quiz
Search Sporcle
×
Quiz Lab
Quiz Lab
Literature
Children's Books
Type in answers that appear in a list
Type in answers that appear in a list
Classic
Best Score? Go Orange.
Newbery Medal vs. Newbery Honor Stats
Decide whether each title is a Newbery Medal or Newbery Honor book.
By
SapphireStage
5m
44 Questions
43 Plays
43 Plays
43 Plays
Comments
Comments
Give Quiz Kudos
Give Quiz Kudos
-
- Ratings
hide this ad
More Info
Forced Order
Answers have to be entered in order
Answers have to be entered in order
Wrong Answers
Some wrong answers will appear in red
Some wrong answers will appear in red
Random Order
Randomize order of answers
Randomize order of answers
Replay
Link that replays current quiz
Next Quiz
Link to next quiz in quiz playlist
You Got
0%
They Got
Avg Score
77%
Avg Friend Score
Upgrade to see
Score Distribution
Jump to the score distribution portion of the page
Score
0/44
Timer
05:00
0
Plays Today
Title
Medal or Honor?
% Correct
Scary Stories for Young Foxes
???
100%
Wolf Hollow
???
95%
Number the Stars
???
90.7%
Moon over Manifest
???
90.7%
The Giver
???
90.7%
The Cricket In Times Square
???
88.4%
My Side of the Mountain
???
88.4%
Mr. Popper's Penguins
???
88.4%
My Brother Sam is Dead
???
88.4%
The Westing Game
???
88.4%
A Ring of Endless Light
???
88.4%
After The Rain
???
88.4%
Carry On, Mr. Bowditch
???
88.4%
Where the Mountain Meets the Moon
???
86%
Ramona Quimby, Age 8
???
86%
Across Five Aprils
???
86%
...And Now Miguel
???
86%
The Door in the Wall
???
86%
Caddie Woodlawn
???
86%
Out of the Dust
???
86%
Hello, Universe
???
85%
The War that Saved My Life
???
83.7%
Title
Medal or Honor?
% Correct
Al Capone Does My Shirts
???
83.7%
Johnny Tremain
???
83.7%
These Happy Golden Years
???
81.4%
The Hero and the Crown
???
81.4%
The Midwife's Apprentice
???
81.4%
When You Trap a Tiger
???
80%
The Sign of the Beaver
???
79.1%
The Black Cauldron
???
79.1%
Charlotte's Web
???
79.1%
The Slave Dancer
???
79.1%
The Thief
???
79.1%
The Great Gilly Hopkins
???
79.1%
Shen of the Sea
???
79.1%
Enchantress from the Stars
???
76.7%
M. C. Higgins, the Great
???
76.7%
Adam of the Road
???
76.7%
A Visit to William Blake's Inn
???
74.4%
The Black Pearl
???
74.4%
A Gathering of Days
???
72.1%
Old Yeller
???
72.1%
The High King
???
69.8%
Hatchet
???
67.4%
Quiz Playlist
Details
Report
Send in Message
Add To Playlist
More Info:
Type "m" for Newbery Medal books and "h" for Newbery Honor books.
Classic:
Type in answers that appear in a list
Forced Order:
Answers have to be entered in order
Wrong Answers:
Some wrong answers will appear in red
Random Order:
Randomize order of answers
Last Updated: Jan 26, 2021
Quiz Scoreboard
CHALLENGE
Sign Up to Join the Scoreboard
Show All
Scores
Hide
Comments
May contain spoilers
Recently Published
One Thing in Common: World Cities II
by knightlancer
Geography
7m
Popular People in 1961
by mucciniale
History
6m
1-10 Letter E Words III
by El_Dandy
Language
2m
More to Explore
Quiz From the Vault
Featured Blog Post
Where Did the Easter Bunny Come From?
hide this ad
You Might Also Like...
Tags
Children's Books Quiz
Award Winners
honor
Medal
Newbery
Today's Top Quizzes in Literature
Browse Literature
hide this ad
Today's Top Quizzes in Children's Books
Browse Children's Books
Top Contributed Quizzes in Literature
1
Sneaky Slytherin Logic Puzzle
2
Get The Picture: Black or White Literature
3
One Thing in Common: Literature
4
Weasley Family Reunion: Logic Puzzle
5
Lily Potter Start to Finish
6
James Potter Start to Finish
7
ASOIAF Logic Puzzle [Difficult] [Read Note first!!]
8
One piece logic quiz 3 (Hard difficulty)
9
One Thing in Common: Books
10
Harry Potter and the Philosopher's Stone Logic Puzzle
Explore More
Trending Topics
Harry Potter
Kpop
Marvel
Crossword
Anime
Disney
NBA
NFL
Country
WWE
Pokémon
Puzzle
The Office
Song
Soccer
hide this ad
More By:
SapphireStage
Quiz
Plays
Rating
Category
Featured
Created
One of These Fantasy Books Doesn't Belong
1,884
4.56
Literature
Jan 27, 2018
10 to 1 Doctor Who Sorting Gallery
1,539
5.00
Television
Jan 1, 2017
10 to 1 Doctor Who Names Sorting Gallery
1,323
4.10
Television
Jan 8, 2017
10 to 1 Fantasy Literature Sorting Gallery
1,098
4.44
Literature
Nov 13, 2016
10 to 1 Animated Series Sorting Gallery
728
4.00
Entertainment
Nov 22, 2016
Go to Creator's Profile
Score Distribution
Quiz Creator Spotlight
SapphireStage
Follow
Send a Message
Quizzes Created
-
Created Quiz Play Count
-
More By This Creator
Popular Quizzes Today
1
Find the US States - No Outlines Minefield
2
Find the Countries of Europe - No Outlines Minefield
3
The Countries of the World
4
Popular People in 1961
5
1-10 Letter E Words III
6
Find the US States
7
One Thing in Common: World Cities II
8
US States
More Literature Quizzes
Literary Murderer Match-Up
Published
Trending Quizzes
Risky Map Clicking: Least Populous States A-Z
1-10 Letter F Words
1-10 Letter G Words
One Thing in Common: United Kingdom
Risky Map Clicking: Biggest States A-Z
Recently Updated
Leaping Animals
pecheneg
Reality TV Shows (A-Z)
bhenderson79
Rickey Henderson's Hall of Fame Teammates
pecheneg
Champions League XIs: Arsenal
pecheneg
Quick Pick: Celebrities in WWE's Hall of Fame
aduchscher
A-Z Keypad Blitz II
pecheneg
Multiple Oscar Actors
pecheneg
Mystery Phrase Blitz: Oscar 'Best Actors'
pecheneg
F. Scott Fitzgerald Novels
LTH
Pick 3 Villains
ddd62291
Trending Topics
Anime
Disney
NBA
Harry Potter
Marvel
Crossword
Kpop
Country
Puzzle
Soccer
Pokémon
Song
NFL
The Office
WWE
Your Account Isn't Verified!
In order to create a playlist on Sporcle, you need to verify the email address you used during registration. Go to your
Sporcle Settings
to finish the process.
Report this User
Report this user for behavior that violates our
Community Guidelines
.
Details:
Send Report
Go to the Sporcle.com Mobile Site →
Comments